000 00517nam a2200181 4500
005 20251201121657.0
020 _a9789360749477
082 _a658.403
_bSRI.Q
084 _2Colon Classification
100 _aSrivastava,U K
_95786
100 _aShenoy,G V and Sharma,S C
_95787
245 _aQuantitative techniques for managerial decisions:
_bfor managerial decisions
250 _a4th ed.
260 _aNewDelhi:
_bNew Age International,
_c2025
300 _a934p.
650 _aManagement
942 _2ddc
_c GIF
999 _c753984
_d753984